The Truth (and Myths) About the Human Body / (Record no. 4734)

MARC details
000 -LEADER
fixed length control field 00858nam a22002897a 4500
001 - CONTROL NUMBER
control field 4734
003 - CONTROL NUMBER IDENTIFIER
control field FISKH
005 - DATE AND TIME OF LATEST TRANSACTION
control field 20260319094217.0
008 - FIXED-LENGTH DATA ELEMENTS--GENERAL INFORMATION
fixed length control field 240926b cb ||||| |||| 00| 0 eng d
020 ## - INTERNATIONAL STANDARD BOOK NUMBER
International Standard Book Number 9780545931465
040 ## - CATALOGING SOURCE
Original cataloging agency FISKH
Language of cataloging eng
Transcribing agency FISKH
Modifying agency FISKH
050 ## - LIBRARY OF CONGRESS CALL NUMBER
Classification number QM27.P38
082 ## - DEWEY DECIMAL CLASSIFICATION NUMBER
Classification number 612
100 ## - MAIN ENTRY--PERSONAL NAME
Personal name Peacock, L.A.
Relator term author
245 ## - TITLE STATEMENT
Title The Truth (and Myths) About the Human Body /
Statement of responsibility, etc. by L.A. Peacock : illustrated by Nick Wigsby
250 ## - EDITION STATEMENT
Edition statement First edition 2016
260 ## - PUBLICATION, DISTRIBUTION, ETC.
Place of publication, distribution, etc. New York :
Name of publisher, distributor, etc. Scholastic ;
Date of publication, distribution, etc. 2016 .
300 ## - PHYSICAL DESCRIPTION
Extent 96 pages :
Other physical details illustrations ;
Dimensions 21 cm .
505 ## - FORMATTED CONTENTS NOTE
Formatted contents note R <br/>
520 ## - SUMMARY, ETC.
Summary, etc. This book is talking about the human body .
521 8# - TARGET AUDIENCE NOTE
Target audience note 710 <br/>
Source Lexile <br/>
521 8# - TARGET AUDIENCE NOTE
Target audience note R <br/>
Source Raz-Plus <br/>
650 ## - SUBJECT ADDED ENTRY--TOPICAL TERM
Topical term or geographic name entry element human body
Form subdivision Non-fiction
700 ## - ADDED ENTRY--PERSONAL NAME
Personal name Wigsby, Nick
Relator term illustrator
942 ## - ADDED ENTRY ELEMENTS (KOHA)
Source of classification or shelving scheme Dewey Decimal Classification
Koha item type Books
Suppress in OPAC No
Holdings
Withdrawn status Lost status Source of classification or shelving scheme Damaged status Not for loan Collection Home library Current library Shelving location Date acquired Total Checkouts Full call number Barcode Date last seen Date last checked out Copy number Price effective from Koha item type
    Dewey Decimal Classification     Non-Fiction Footprints International School Library Network Toul Kork Campus Footprints International School Library Network Toul Tom Poung Campus TTP Primary Orange Bookshelves 09/26/2024 1 PEA 612 QM27.P38 FIS02534 12/10/2025 11/26/2025 1 09/26/2024 Books
    Dewey Decimal Classification     Non-Fiction Footprints International School Library Network Toul Tom Poung Campus Footprints International School Library Network Toul Tom Poung Campus TTP Primary Orange Bookshelves 03/19/2026   PEA 612 QM27.P38 FIS03704 03/19/2026   2 03/19/2026 Books